<?xml version="1.0" encoding="UTF-8"?>
<record
    xmlns:xsi="http://www.w3.org/2001/XMLSchema-instance"
    xsi:schemaLocation="http://www.loc.gov/MARC21/slim http://www.loc.gov/standards/marcxml/schema/MARC21slim.xsd"
    xmlns="http://www.loc.gov/MARC21/slim">

  <leader>01319    a2200253   4500</leader>
  <controlfield tag="005">2008091907587.0</controlfield>
  <controlfield tag="008">080919t        xxu||||| |||| 00| 0 hin d</controlfield>
  <datafield tag="010" ind1=" " ind2=" ">
    <subfield code="a">HIN-81156</subfield>
  </datafield>
  <datafield tag="020" ind1=" " ind2=" ">
    <subfield code="a">8177096206</subfield>
    <subfield code="c">32.00</subfield>
  </datafield>
  <datafield tag="035" ind1=" " ind2=" ">
    <subfield code="a">HN-53502</subfield>
  </datafield>
  <datafield tag="037" ind1=" " ind2=" ">
    <subfield code="b">D.B.Act / pub</subfield>
  </datafield>
  <datafield tag="082" ind1=" " ind2=" ">
    <subfield code="a">515.63</subfield>
  </datafield>
  <datafield tag="100" ind1=" " ind2=" ">
    <subfield code="a">&#x91D;&#x93E;, &#x92C;&#x940;.&#x90F;&#x928;.</subfield>
  </datafield>
  <datafield tag="245" ind1=" " ind2=" ">
    <subfield code="a">&#x907;&#x902;&#x91F;&#x930; &#x938;&#x926;&#x93F;&#x936; &#x935;&#x93F;&#x936;&#x94D;&#x932;&#x947;&#x937;&#x923;</subfield>
    <subfield code="c">&#x92C;&#x940;.&#x90F;&#x928;.&#x91D;&#x93E;,&#x905;&#x938;&#x93F;&#x924; &#x926;&#x93E;&#x938;&#x917;&#x941;&#x92A;&#x94D;&#x924;&#x93E; &#x924;&#x925;&#x93E; &#x938;&#x942;&#x930;&#x94D;&#x92F;&#x92D;&#x942;&#x937;&#x923; &#x92A;&#x94D;&#x930;&#x938;&#x93E;&#x926;</subfield>
  </datafield>
  <datafield tag="246" ind1=" " ind2=" ">
    <subfield code="a">Inter sadish Visheshan</subfield>
    <subfield code="b">by b.L.Chha</subfield>
  </datafield>
  <datafield tag="250" ind1=" " ind2=" ">
    <subfield code="a">10&#x935;&#x93E;&#x902; &#x938;&#x902;&#x938;&#x94D;&#x915;</subfield>
  </datafield>
  <datafield tag="260" ind1=" " ind2=" ">
    <subfield code="a">&#x92A;&#x91F;&#x928;&#x93E;</subfield>
    <subfield code="b">&#x92D;&#x93E;&#x930;&#x924;&#x940; &#x92D;&#x935;&#x928; (&#x92A;&#x92C;&#x94D;&#x932;&#x93F;&#x936;&#x930;&#x94D;&#x938; &#x90F;&#x923;&#x94D;&#x921; &#x921;&#x93F;&#x938;&#x94D;&#x91F;&#x94D;&#x930;&#x940;&#x92C;&#x94D;&#x92F;&#x942;&#x91F;&#x930;&#x94D;&#x938;)</subfield>
    <subfield code="c">2006</subfield>
  </datafield>
  <datafield tag="270" ind1=" " ind2=" ">
    <subfield code="a">&#x920;&#x93E;&#x915;&#x941;&#x930;&#x92C;&#x93E;&#x921;&#x93C;&#x940; &#x930;&#x94B;&#x921;, &#x915;&#x926;&#x92E;&#x915;&#x941;&#x906;&#x901;</subfield>
    <subfield code="b">&#x92A;&#x91F;&#x928;&#x93E;</subfield>
    <subfield code="e">800003</subfield>
  </datafield>
  <datafield tag="300" ind1=" " ind2=" ">
    <subfield code="a">157&#x92A;&#x943;</subfield>
    <subfield code="c">22&#x938;&#x947;&#x92E;&#x940; (&#x905;&#x91C;&#x93F;&#x932;&#x94D;&#x926;)</subfield>
  </datafield>
  <datafield tag="700" ind1=" " ind2=" ">
    <subfield code="a">&#x926;&#x93E;&#x938;&#x917;&#x941;&#x92A;&#x94D;&#x924;&#x93E;, &#x905;&#x938;&#x93F;&#x924;</subfield>
  </datafield>
  <datafield tag="700" ind1=" " ind2=" ">
    <subfield code="a">&#x938;&#x942;&#x930;&#x94D;&#x92F;&#x92D;&#x942;&#x937;&#x923; &#x92A;&#x94D;&#x930;&#x938;&#x93E;&#x926;</subfield>
  </datafield>
  <datafield tag="942" ind1=" " ind2=" ">
    <subfield code="a">dpl</subfield>
    <subfield code="c">HN</subfield>
    <subfield code="k">515.63 / &#x91D;&#x93E;&#x92C;&#x940;&#x90F;</subfield>
    <subfield code="2">ddc</subfield>
    <subfield code="h">515.63</subfield>
    <subfield code="m">&#x91D;&#x93E;&#x92C;&#x940;&#x90F;</subfield>
  </datafield>
  <datafield tag="999" ind1=" " ind2=" ">
    <subfield code="c">7926</subfield>
    <subfield code="d">7926</subfield>
  </datafield>
  <datafield tag="952" ind1=" " ind2=" ">
    <subfield code="0">0</subfield>
    <subfield code="1">0</subfield>
    <subfield code="2">ddc</subfield>
    <subfield code="4">0</subfield>
    <subfield code="7">0</subfield>
    <subfield code="a">DBAD</subfield>
    <subfield code="b">DBAD</subfield>
    <subfield code="d">2008-09-19</subfield>
    <subfield code="g">32.00</subfield>
    <subfield code="l">0</subfield>
    <subfield code="o">515.63 &#x91D;&#x93E;&#x92C;&#x940;&#x90F;</subfield>
    <subfield code="p">HN-53502</subfield>
    <subfield code="r">2008-09-15 00:00:00</subfield>
    <subfield code="t">1</subfield>
    <subfield code="u">8829</subfield>
    <subfield code="v">32.00</subfield>
    <subfield code="w">2008-09-15</subfield>
    <subfield code="y">HN</subfield>
  </datafield>
</record>
